Harry Potter Names hard, from the books - Statistics

General Stats
  • This quiz has been taken 86 times
  • The average score is 12 of 15
Answer Stats
Hint Answer % Correct
Hermione Granger
100%
Draco Malfoy
100%
Harry Potter
100%
Ron Weasley
99%
Tom Riddle
96%
Cornelius Fudge
95%
Vernon Dursley
94%
Aberforth Dumbledore
92%
Bartemius Crouch
75%
Zacharias Smith
75%
Pius Thicknesse
57%
Mafalda Hopkirk
56%
Evan Rosier
54%
Cadmus Peverell
53%
Augustus Rookwood
44%
No matching quizzes found
Score Distribution
Percent of People with Each Score
Percentile by Number Answered
Your Score History
You have not taken this quiz